• 首页
  • 本馆介绍
  • 公告通知
  • 最新文献
  • 馆藏检索
  • 电子资源
  • 读者导购
  • 参考咨询
  • 我的图书馆
  • 登录
  • 详细信息显示
  • 放入我的书架
  • 预约/预借图书
  • 作者相关作品
  • 分类相关作品
  • 丛书相关作品
  • 出版社相关作品

书目信息

  • 表格格式
  • 工作单格式
  • 卡片格式
题名:
五代十国制度研究
    
 
作者: 杜文玉 著
分册:  
出版信息: 北京   人民出版社  2006
页数: 564页
开本: 21cm
丛书名:
单 册:
中图分类: D691.2
科图分类:
主题词: 政治制度--研究--中国--五代十国时期
电子资源:
ISBN: 7-01-005274-3
000 01009nam0 2200229 450
005 20061205153900.18
010    @a7-01-005274-3@dCNY39.00
100    @a20060829d2006 ekmy0chiy0121 ea
101 0  @achi
102    @aCN@b110000
105    @aa z 000yy
200 1  @a五代十国制度研究@AWu Dai Shi Guo Zhi Du Yan Jiu@f杜文玉著@FDu Wen Yu Zhu
210    @a北京@c人民出版社@d2006
215    @a564页@c图@d21cm
300    @a陕西师范大学出版基金和历史学重点学科建设经费资助出版
320    @a 有书目 (第552-562页)
330    @a本书共十一章,附表十四,主要内容包括五代十国时期的贡举制度、选官制度、考课制度、职官制度、殿阁制度、起居制度、史馆制度、俸禄制度、军事制度、司法制度及诸司礼钱等。本书稿内容广泛,对部分内容在原有的基础上提出了许多新见解、新观点,并纠正了以往研究中存在的讹误,或补充了存在的不足之处,或充实了一些新资料。
606 0  @a政治制度@x研究@y中国@z五代十国时期
690    @aD691.2@v4
701  0 @a杜文玉@ADu Wen Yu@f1951-@4著
801  0 @aCN@b中图数据@c20061205
905    @a10447@dD691.2@e114
    
    五代十国制度研究/杜文玉著.-北京:人民出版社,2006
    564页:图;21cm
    陕西师范大学出版基金和历史学重点学科建设经费资助出版
    
    ISBN 7-01-005274-3:CNY39.00
    本书共十一章,附表十四,主要内容包括五代十国时期的贡举制度、选官制度、考课制度、职官制度、殿阁制度、起居制度、史馆制度、俸禄制度、军事制度、司法制度及诸司礼钱等。本书稿内容广泛,对部分内容在原有的基础上提出了许多新见解、新观点,并纠正了以往研究中存在的讹误,或补充了存在的不足之处,或充实了一些新资料。
●
相关链接 在E读中查询图书 在五车中查询图书 在当当中查询图书 在豆瓣中查询图书


正题名:五代十国制度研究     索取号:D691.2/114         预约/预借

序号 登录号 条形码 馆藏地/架位号 状态 备注
1 0613736   206137367   第一样本阅览室/ [索取号:D691.2/114] 在馆    
2 0613737   206137376   第一借阅区/ [索取号:D691.2/114] 在馆    
3 0613738   206137385   第一借阅区/ [索取号:D691.2/114] 在馆    
4 0613739   206137394   第一借阅区/ [索取号:D691.2/114] 在馆    
5 0613740   206137401   第一借阅区/ [索取号:D691.2/114] 在馆    
唐山师范学院图书馆 欢迎您!
大连网信软件有限公司© 版权所有